000 00373nam a2200133Ia 4500
008 231221s9999 xx 000 0 und d
020 _a978-0-387-09455-7
041 _aEnglish
100 _aThierry Priol, Marco Vanneschi
245 0 _aFrom Grids to Service and Pervasive Computing
260 _c2008
_bSpringer US
_aNew York
650 _aComputer Science
942 _cEB
999 _c217939
_d217939